Systém podpory domácich potravinárskych a poľnohospodárskych produktov

Analýza značky kvality SK a jej vývoj z pohľadu vynaložených finančných prostriedkov vzhľadom na počet novoudelených značiek. Značka kvality SK je program financovaný zo štátneho rozpočtu, preto je analýza orientovaná aj na otázky preferencie slovenských výrobkov pred zahraničnými. Vecné porovnanie...

Descrizione completa

Salvato in:
Dettagli Bibliografici
Autore principale: Dudeková, Alena, 1986-
Natura: Capitolo di libro
Lingua:slovacco
Soggetti:
Tags: Aggiungi Tag
Nessun Tag, puoi essere il primo ad aggiungerne!!

MARC

LEADER 00000naa a2200000 4500
001 0205734
005 20240502073426.3
041 0 |a slo 
044 |a SK 
245 1 0 |a Systém podpory domácich potravinárskych a poľnohospodárskych produktov  |c Alena Dudeková 
520 |a Analýza značky kvality SK a jej vývoj z pohľadu vynaložených finančných prostriedkov vzhľadom na počet novoudelených značiek. Značka kvality SK je program financovaný zo štátneho rozpočtu, preto je analýza orientovaná aj na otázky preferencie slovenských výrobkov pred zahraničnými. Vecné porovnanie situácie podpory domácich výrobkov v susednej Českej republike. 
610 2 0 |a značky kvality 
610 2 0 |a Slovensko 
610 2 0 |a Česko 
610 2 0 |a porovnanie medzinárodné 
610 2 0 |a kvalita tovaru 
100 1 |a Dudeková, Alena, 1986-